00491nam a2200193 a 4500001001300000003000900013005001700022008004100039020001000080082001900090100001900109245003000128260004200158300000800200500003500208505001000243650002500253700001900278nice12345678IN_TiNIC20260116014245.0050524s2004 dela grp 000 0 eng  ac10000a954.0072bTHA2 aThapar, Romila aFuture of the Indian Past aDelhibInst. of Social Sciencesc2004 a51p aincludes index and biblioraphy2 aIndex aIndia-Historiography1 aThapar, Romila